000 00824nam a2200265Ia 4500
003 OSt
005 20220918214514.0
006 a|||||r|||| 00| 0
007 ta
008 220917b |||||||| |||| 00| 0 eng d
024 _a137,738
037 _cTextual
040 _aARTS
_cARTS
_beng
041 _2eng
_aeng
082 _aY:356(Z).657.3F, K8
100 _aSarbah John Mensah
_9131544
245 0 _aFranti customary laws
_b A brief introduction to the principles of the native laws and customs of the Fanti and Akan districts of the gold coast
250 _a3rd
260 _aLondon
_bFrank Cass
_c1968
300 _axiii, 317p.
_ccm.
500 _aAppendices p271-312
650 _aSOCIOLOGY
942 _hY:356(Z).657.3F, K8
_cTEXL
_2CC
999 _c260817
_d260817